| 000 | 00603nam a2200181 i 4500 | ||
|---|---|---|---|
| 001 | 64141 | ||
| 003 | ES-MaACL | ||
| 005 | 20250809055634.0 | ||
| 007 | t| | ||
| 008 | 031222s1933 sp ||||1| spa d | ||
| 100 | 1 |
_aFleiner, Fritz. _951152 |
|
| 245 | 1 | 0 |
_aInstituciones de derecho administrativo / _cFritz Fleiner ; traducción de la 8ª edición alemana por Sabino A. Gendin. |
| 260 |
_aBarcelona : _bLabor, _c1933 ( _fTalls. Ibero-Americanos) |
||
| 300 |
_aXIII, 362 p. ; _c21 cm. |
||
| 700 | 1 |
_aÁlvarez-Gendín, Sabino, _d1895-1983 _920820 |
|
| 852 |
_aES-MaACL _jA-1644 |
||
| 999 |
_c64141 _d64141 |
||